000 00982nam0a22002291i 4500
001 rc\979254
005 20240726082016.0
035 _a(NLR Aleph) 006147428
090 _a5726281
_c5726282
100 _a20041129d1982 u |0rusy50 ca
101 0 _arus
102 _aRU
105 _ay |||||||||
200 1 _aПути укрепления финансового состояния хозрасчетных объединений предприятий общественного питания потребительской кооперации
_e(На материалах УССР)
_eАвтореф. дис. на соиск. учен. степ. канд. экон. наук
_e(08.00.05)
210 _aМ.
_d1982
215 _a23 с.
300 _aВ надзаг.: Заоч. ин-т сов. торговли
700 1 _aФлиг
_bА.Я.
_gАлександр Янкелевич
801 0 _aRU
_bNLR
_gpsbo
801 1 _aRU
_bELAR
_2rusmarc
852 _aNLR
_j83-4/28634
942 _cBOOK